000 00465nam a2200181Ia 4500
001 13005
005 20260306163022.0
008 260306t2012||||xx |||||||||||||| ||spa||
041 _aESP
082 _aRD 657.03
_bA11
100 _aAbanto Bromley, Martha
_eAUT
245 0 _aDiccionario aplicativo para contadores:
_benfoque multidisciplinario y casuĂ­stico
260 _c2012
300 _a
_c
650 _aGEN
654 _aCCO
942 _cDIC
_dJUS
_fJUS
_2ddc
_n
999 _c13005
_d13005